000
00324nam a22001337a 4500
008
180920b xxu||||| |||| 00| 0 eng d
020
_a
9781405192040
041
_a
eng
080
_a
370
100
_a
49
101
_a
EDU
245
_a
Feature Magzine Writing Action Angle And Anecdotes
_c
Well.b
942
_2
udc
_c
BK
999
_c
48130
_d
48130